000 01546nam a2200469 i 4500
001 17202
003 KOSZ 005
005 20191028085236.0
008 010330s1976 pl a f |000 0 pol
015 _aPB 1977/1163
035 _a991015951009705066
035 _a(PL-WaBN)b14282859-48omnis_nlop
035 _ab14282859
035 _a(OCoLC)749490265
035 _a(PL)b0000001428285
035 _a(EXLNZ-48OMNIS_NETWORK)9910177720905606
040 _aWA N
_cWA N
_dKOSZ 005/EG
041 0 _apol
046 _k1976
080 _a502.7
080 _a628
080 _a614.7
080 _a574
100 1 _aPieczyńska, Ewa
_d(1934- )
_eAutor
245 1 0 _aEkologia a ochrona środowiska człowieka /
_cEwa Pieczyńska, Irena Spodniewska.
260 _aWarszawa :
_bWydawnictwa Szkolne i Pedagogiczne,
_c1976.
300 _a207, [1] s., [2] k. tabl. kolor. :
_bil., mapy, tab., wykr. ;
_c21 cm.
336 _2rdacontent
_aTekst
_btxt
337 _2rdamedia
_aBez urządzenia pośredniczącego
_bn
338 _2rdacarrier
_aWolumin
_bnc
380 _aKsiążki
388 _a1901-2000
388 _a1945-1989
650 7 _aEkologia
_2DBN
650 7 _aŚrodowisko człowieka
_2DBN
658 _aOchrona środowiska
700 1 _aSpodniewska, Irena
_d(1930- )
_eAutor
710 2 _aWydawnictwa Szkolne i Pedagogiczne
_4pbl
856 _uhttp://koha.tu.koszalin.pl/cgi-bin/koha/opac-detail.pl?biblionumber=17202
_yKatalog online BPK
942 _2UKD
_cKS
999 _c17202
_d17202